000 00703nam a2200241Ia 4500
003 OSt
005 20220918205607.0
006 a|||||r|||| 00| 0
007 ta
008 220917b |||||||| |||| 00| 0 eng d
024 _a117,197
037 _cTextual
040 _aARTS
_cARTS
_beng
041 _2eng
_aeng
082 _aV7:71.N7, L8
100 _aGrebinger Paul ed
_9115588
245 0 _aDiscovering past behavior
_b experiments in the archaeology of the American Southwest
260 _aNew York
_bGordon and Breach
_c1978
300 _axvi,279p. fig, tables
_ccm.
650 _aHISTORY
942 _hV7:71.N7, L8
_cTEXL
_2CC
999 _c240485
_d240485